000 00436nam a2200181Ia 4500
005 20240823030741.0
008 240823s9999||||xx |||||||||||||| ||und||
041 _aENGLISH
082 _A621.3 N0
100 _aBajaj B K
245 0 _aElectrical Engineering Pocket book
250 _a1st
260 _c1990
_b"New Heights,New Delhi"
500 _aTransfered
650 _aElectrical
_bElectrical
942 _cBK
999 _c189439
_d189439